| 000 | 01815nam a2200253Ia 4500 | ||
|---|---|---|---|
| 008 | 260220t1971||||xx |||||||||||||| ||spa|| | ||
| 040 |
_aPY-SlUNAC _bspa _erda |
||
| 041 | _aspa | ||
| 082 |
_a546 _bT446c |
||
| 100 |
_aTietz, E. T. _eAutor |
||
| 245 | 0 |
_aComportamiento y propiedades de los metales refractarios / _cpor E. T. Tietz [Autor] y J. W. Wilson [Autor] |
|
| 264 |
_aBilbao : _bUrmo, _c℗1971. |
||
| 300 | _a1 volumen | ||
| 520 | _aEl libro "Comportamiento y propiedades de los metales refractarios" de E. T. Tietz ofrece un análisis exhaustivo sobre las características y aplicaciones de los metales refractarios, aquellos que mantienen su forma y propiedades a altas temperaturas. Tietz aborda la clasificación de estos metales, incluyendo tungsteno, molibdeno y tantalio, y detalla sus propiedades físicas y mecánicas, como la resistencia a la corrosión y la conductividad térmica. Además, el autor explora las técnicas de procesamiento y fabricación, así como los desafíos asociados con su manipulación y uso en industrias que requieren materiales capaces de soportar condiciones extremas, como la metalurgia y la aeroespacial. A través de una revisión crítica de estudios previos y experimentos, el libro se convierte en un recurso valioso para investigadores y profesionales interesados en el desarrollo de materiales avanzados, destacando la importancia de los metales refractarios en la innovación tecnológica y en la mejora de procesos industriales. | ||
| 653 | _aComportamiento de los materiales | ||
| 653 | _aMetales | ||
| 653 | _aPropiedades de los materiales | ||
| 700 |
_aWilson, J. W. _eAutor |
||
| 942 |
_b2026/02/17 _cBK |
||
| 999 |
_c7922 _d7922 |
||